ghibli par duo - Statistiques

Statistiques générales
  • Ce quiz a été pris 678 fois
  • Le résultat moyen est 7 sur 14
Statistiques - réponses
Hint Réponse % Correct
Sophie et Hauru Le château ambulant
85%
Ashitaka et San Princesse Mononoké
78%
Marco et Fio Porco Rosso
69%
Haku et Sen Le voyage de Chihiro
67%
Satsuki et Mei Mon voisin Totoro
66%
Sheeta et Pazu Le château dans le ciel
64%
Arren et Therru Les contes de Terremer
45%
Haru et Baron Humbert Le royaume des chats
43%
Seita et Setsuko Le tombeau des lucioles
42%
Mahito et Himi Le Garçon et le Héron
36%
Umi et Shun La colline aux coquelicots
33%
Jirō et Nahoko Le vent se lève
27%
Shizuku et Seiji Si tu tends l'oreille
26%
Taku et Rikako Je peux entendre l'océan
22%
Aucun quiz correspondant
Distribution des résultats
% des personnes avec chaque résultat
Percentile par nombre de réponses
Votre historique - résultats
Vous n’avez pas pris ce quiz